00397 a2200121 4500001001000000005001700010008004100027245005200068100003400120700003700154773006700191999001700258ART_3937420260410162005.0260409a 10aObligaciones de dar dinero en moneda extranjera1 aFossaceca, Carlos Alberto (h)1 aLamanna Guiñazú, Emiliano C.0 tTemas de derecho civilg- Año 2, Nº 6 (jun. 2016)wREV34778 c31633d31633